000 00497nam a2200145Ia 4500
008 090124s9999 xx 000 0 und d
082 _b20507
_a2056
245 _a श्री गुरुजी समग्र दर्शन खंड 7
250 _a1
260 _c1974
300 _a280
630 _a श्री गुरुजी समग्र दर्शन खंड 7
730 _a श्री गुरुजी समग्र दर्शन खंड 7
942 _cBOOK
999 _c134312
_d134312